Раскол: Исторические монографии и исследования
| Hlavní autor: | |
|---|---|
| Jazyk: | ruština |
| Vydáno: |
Москва, Чарли, 1994
|
| Edice: | Актуальная история России |
| Témata: |
Иван Грозный
> IV
> великий князь московский, первый русский царь
> 1530-1584
> из династии Рюриковичей
Екатерина Алексеевна
> I
> 1684-1727
> урожденная Марта Скавронская
> российская императрица с 1725 г.
Дмитрий Иванович
> русский царевич из династии Рюриковичей
> младший сын Ивана IV Грозного
> 1582-1591
|
| Médium: | MixedMaterials Kniha |
| KOHA link: | https://koha.lib.tpu.ru/cgi-bin/koha/opac-detail.pl?biblionumber=16380 |
MARC
| LEADER | 00000nam0a2200000 4500 | ||
|---|---|---|---|
| 001 | 16380 | ||
| 005 | 20251118165023.0 | ||
| 010 | |a 5868590139 | ||
| 035 | |a (RuTPU)RU\TPU\book\16504 | ||
| 035 | |a BOOK00016573 | ||
| 090 | |a 16380 | ||
| 100 | |a 20011209d1994 k y0rusy50 ca | ||
| 101 | 0 | |a rus | |
| 102 | |a RU | ||
| 105 | |a y z 000zd | ||
| 200 | 1 | |a Раскол |e Исторические монографии и исследования |f Н. И. Костомаров | |
| 210 | |a Москва |c Чарли |d 1994 | ||
| 215 | |a 608 с. | ||
| 225 | 1 | |a Актуальная история России | |
| 600 | 0 | |a Иван Грозный |d IV |c великий князь московский, первый русский царь |f 1530-1584 |c из династии Рюриковичей |2 stltpui |3 (RuTPU)RU\TPU\pers\1414 | |
| 600 | 0 | |a Екатерина Алексеевна |d I |f 1684-1727 |c урожденная Марта Скавронская |c российская императрица с 1725 г. |2 stltpui |3 (RuTPU)RU\TPU\pers\123 | |
| 600 | 0 | |a Дмитрий Иванович |c русский царевич из династии Рюриковичей |c младший сын Ивана IV Грозного |f 1582-1591 |2 stltpush |3 (RuTPU)RU\TPU\pers\12790 | |
| 600 | 1 | |a Могила |b П. С. |c украинский деятель культуры |c митрополит киевский |f 1596-1647 |g Петр Симеонович |c церковный писатель |2 stltpush |3 (RuTPU)RU\TPU\pers\12791 | |
| 606 | |a Раскол Русской церкви |x История |z 17 в. |9 81739 | ||
| 610 | 1 | |a Россия | |
| 610 | 1 | |a 16 век | |
| 610 | 1 | |a 17 век | |
| 610 | 1 | |a религиозно-духовная жизнь | |
| 610 | 1 | |a церковный раскол | |
| 610 | 1 | |a летописи | |
| 610 | 1 | |a Древняя Русь | |
| 686 | |a Т3(2)45 |2 rubbk | ||
| 700 | 1 | |a Костомаров |b Н. И. |c российский историк |f 1817-1885 |g Николай Иванович |3 (RuTPU)RU\TPU\pers\8142 |9 1580 | |
| 801 | 0 | |a RU |b 63413507 |c 20011209 |g PSBO | |
| 801 | 2 | |a RU |b 63413507 |c 20050525 |g PSBO | |
| 942 | |c BK | ||